000 00938cam a22002411 4500
001 8747412
003 ARRUPE
005 20150225143838.0
008 750616s1930 xx 000 0 eng
010 _a 30022726
035 _a(OCoLC)1393994
040 _aDLC
_cFM
_dDLC
050 0 0 _aPQ4835.A27
_bL32 1930
082 0 0 _a920.02
100 1 _aPapini, Giovanni,
_d1881-1956.
_915554
245 1 0 _aLabourers in the vineyard,
_cby Giovanni Papini.
260 _aLondon,
_bSheed & Ward,
_c1930.
300 _axi. 250, [1] p.
_c21 cm.
505 0 _aPetrarch.-Michelangelo Buonarrotl.-Glovanni Fattort.-Oscar Ghiglia.-Romano Romanelli.-The evangelists.-Saint Francis of Assisi.-Jacopone da Todi.-Saint Ignatius of Loyola.-Joseph de Maistre.-Alessandro Manzonl.-Plus xi.-Domenico Glullottl.-Caesar and Virgil.
700 1 _aCurtayne, Alice,
_ctr.
_915555
906 _a7
_bcbc
_coclcrpl
_du
_encip
_f19
_gy-gencatlg
942 _2lcc
_cMONOGRAPH
999 _c122199
_d122199